1 album = 1 Groupe de Rock (Facile) - Statistiques

Statistiques générales
  • Ce quiz a été pris 133 fois
  • Le résultat moyen est 13 sur 25
Statistiques - réponses
Album Groupe % Correct
Hotel California Eagles
94%
Led Zeppelin IV Led Zeppelin
94%
Nevermind Nirvana
94%
Back In Black ACDC
93%
Californicaton Red Hot Chili Peppers
92%
Abbey Road The Beatles
82%
The Dark Side Of The Moon Pink Floyd
81%
A Night At The Opera Queen
81%
Ok Computer Radiohead
72%
Paranoid Black Sabbath
65%
London Calling The Clash
52%
The Rise and Fall of Ziggy Stardust and The Spiders from Mars David Bowie
50%
Appetite For Destruction Gun's N Roses
47%
Exile On Main St. The Rolling Stones
40%
(What's The Story) Morning Glory ? Oasis
34%
Who's Next The Who
33%
The Joshua Tree U2
26%
Pet Sounds The Beach Boys
24%
Rumours Fleetwood Mac
23%
The Queen Is Dead The Smiths
21%
Machine Head Deep Purple
16%
Are You Experienced ? Jimi Hendrix
15%
Is This It The Strokes
15%
Hysteria Def Leppard
6%
Willy and The Poor Boys Creedence Clearwater Revival
5%
Aucun quiz correspondant
Distribution des résultats
% des personnes avec chaque résultat
Percentile par nombre de réponses
Votre historique - résultats
Vous n’avez pas pris ce quiz